Mitos, leyendas, tradiciones y folclor del Lago de Tota.

Bibliographic Details
Main Author: Montana de Silva Celis, Lilia
Format: Book
Language:Spanish
Published: Tunja : Universidad Pedagogica y Tecnologica de Colombia, Fondo Especial de Publicaciones y Ayudas Educativas, 1970.
Edition:[1. ed.].
Series:Ediciones "La Rana y el águila."
Subjects:

MARC

Tag First Indicator Second Indicator Subfields
LEADER 00000cam a2200000 4500
001 in00000497821
005 20151013060733.0
008 760923s1970 ck ag b 00000 spa
010 |a  79528306  
035 |a (OCoLC)02460936 
035 |9 ACC8703AM 
040 |a DLC  |c TXA  |d UtOrBLW 
049 |a TXAM  |c [1473359] 
050 0 0 |a GR133.C7  |b M63 
100 1 |a Montana de Silva Celis, Lilia. 
245 1 0 |a Mitos, leyendas, tradiciones y folclor del Lago de Tota. 
250 |a [1. ed.]. 
264 1 |a Tunja :  |b Universidad Pedagogica y Tecnologica de Colombia, Fondo Especial de Publicaciones y Ayudas Educativas,  |c 1970. 
300 |a 451 pages :  |b 1 color illustrations, music. ;  |c 24 cm. 
336 |a text  |b txt  |2 rdacontent 
337 |a unmediated  |b n  |2 rdamedia 
338 |a volume  |b nc  |2 rdacarrier 
490 1 |a Ediciones La Rana y el aguila 
504 |a Bibliography: pages [449]-451. 
650 0 |a Folklore  |z Colombia  |z Tota, Laguna de. 
830 0 |a Ediciones "La Rana y el águila." 
999 |a MARS 
999 f f |s 23fe9302-14cb-3828-b9ad-d1b95d15eb73  |i 2ed177a4-e1c4-3f12-b441-9719fbdb383a  |t 0 
952 f f |p ric  |a Texas A&M University  |b Rellis Campus  |c Joint Library Facility  |d Remote Storage  |t 0  |e GR133.C7 M63  |h Library of Congress classification  |i unmediated -- volume  |m A14802442823 
998 f f |a GR133.C7 M63  |t 0  |l Remote Storage